000 00864nam a2200193 a 4500
001 000011330
005 20240412074225.0
008 091016s1976 dr r 000 0 spa d
040 _aDO-SdBNP
_bspa
_cBNPHU
082 _aRD862.44
_bD671o
100 1 _aDomínguez, Franklin,
_d1931-
_914950
245 1 0 _aOmar y los demás :
_bTragedia y fantasía de un hombre de buena voluntad en un prólogo y dos actos /
_cFranklin Domínguez; presentación Jorge Tena Reyes.
260 _aSanto Domingo :
_bSecretaría de Estado de Educación,
_c1976.
300 _a92 p. ;
_c21 cm.
586 _aPremio Nacional de teatro " Cristóbal de Llerena", otorgado por la Secretaría de Estado de Educación, Bellas Artes y Cultos, el 30 de abril de 1975.
500 _aIncluye datos biográficos del autor
650 0 _aTeatro dominicano
_9637
650 0 _aLiteratura dominicana.
_967
999 _c11037
_d11037